[Event "RUS-chT 11th"]
[Site "Sochi"]
[Date "2004.04.23"]
[Round "4.2"]
[White "Dreev, Alexey"]
[Black "Aleksandrov, Aleksej"]
[Result "1/2-1/2"]
[WhiteElo "2689"]
[BlackElo "2668"]
[Annotator "Ribli,Z"]
[PlyCount "82"]
[EventDate "2004.04.20"]
[EventType "team-tourn"]
[EventRounds "9"]
[EventCountry "RUS"]
[SourceTitle "EXT 2020"]
[Source "ChessBase"]
[SourceDate "2019.10.17"]
[SourceVersion "1"]
[SourceVersionDate "2019.10.17"]
[SourceQuality "1"]
[WhiteTeam "Norilsk Norilsky Nikel"]
[BlackTeam "Ekaterinburg Max Ven"]
[WhiteTeamCountry "RUS"]
[BlackTeamCountry "RUS"]

1. d4 Nf6 2. c4 e6 3. Nf3 d5 4. Nc3 Bb4 5. cxd5 {Die Alternative ist 5.Bg5,
aber in diesem Fall kann Schwarz mit 5...dxc4 fortsetzen (5...h6 ist auch
möglich), was zur Wiener Variante führt.} exd5 6. Bg5 h6 7. Bh4 g5 8. Bg3 Ne4
9. Nd2 {Dieses Bauernopfer ist die beste Möglichkeit für Weiß.} (9. Rc1 $6 h5
$36 {[%cal Gh5h4]}) 9... Nxc3 10. bxc3 Bxc3 11. Rc1 Bb2 {Heutzutage wird
dieser Zug in der Großmeisterpraxis oft gespielt. Nach 11...Ba5 bekommt Weiß
Kompensation für den Bauern, da die schwarze Königsstellung geschwächt ist.}
12. Bxc7 (12. Rxc7 Na6 13. Rc2 Bxd4 14. e3 Bg7 15. Bxa6 bxa6 $11) 12... Qd7 13.
Rb1 (13. Be5 Bxc1 14. Bxh8 Qc7 $5 $146 (14... Bxd2+ 15. Qxd2 Qf5 16. f3 Nc6 17.
e4 dxe4 18. d5 Ne7 19. Bc4 $44 {1-0 Lputian,S-Vasilevich,T/Abu Dhabi 2003/CBM
97 (38)}) (14... Qc6 15. Qb3 Be6 (15... Kf8 16. e3 f6 17. Nb1 $1 a6 18. Bd3 $16
) 16. e3 Nd7 17. Bb5 Qc7 18. Nb1 O-O-O 19. Bxd7+ Bxd7 20. Bf6 Re8 21. O-O $16)
15. h4 Qc3 16. hxg5 Bxd2+ 17. Qxd2 Qa1+ 18. Qd1 Qc3+ 19. Qd2 {1/2-1/2
Schlosser,P-Landa,K/Nancy FRA 2004/(19)}) 13... Bc3 14. Bg3 $1 {[%mdl 4]
Dieser Läuferzug ist ganz logisch, aber interessanterweise kam er in der
Turnierpraxis noch nicht vor.} (14. Bxb8 Rxb8 15. e3 O-O 16. h4 g4 17. Rb3 Qc7
18. Be2 Bd7 19. O-O f5 20. Bb5 Be6 {1/2-1/2 Ftacnik,L-Landa,K/Beijing 1996/CBM
54 ext (20)}) 14... Nc6 (14... Bxd4 $4 15. e3 $18 (15. Bxb8 Rxb8 16. e3 $18 {
[%cal Re3d4,Rf1b5,Rb5e8]})) 15. e3 $14 {Die Stellung ist materiell gleich,
aber die weiße Bauernstruktur ist gesund.} Qe7 16. Bb5 {Weiß entwickelt den
Läufer, was logisch ist, aber noch stärker scheint mir zuerst ein Zwischenzug
mit dem Turm zu sein:} (16. Rc1 $5 Bb4 (16... Qb4 17. Qc2) 17. Bb5 Bd7 18. O-O
O-O 19. Nf3 $14 {Weiß hat gutes Figurenspiel, während Schwarz Bauern- und
Felderschwächen am Königsflügel hat.}) 16... Bf5 17. Bxc6+ (17. Rc1 Qb4 18.
Bxc6+ bxc6 $132) 17... bxc6 {[#]} 18. Qc1 {Auf diese Weise opfert Weiß eine
Qualität für aktives Spiel.} (18. Rc1 Qb4 $132) 18... Bxb1 (18... Bxd2+ 19.
Kxd2 O-O 20. Rb3 $14 {[%cal Gh2h4]}) 19. Qxc3 Qb7 20. O-O $44 {Es hängt der
b1B und die schwarze Bauernstruktur ist geschwächt. Typisch für die
Ragozin-Variante ist, Weiß kontrolliert stark die dunkelfarbigen Punkte,
während Schwarz die weißfarbigen Felder beherrscht.} Bg6 21. Bd6 {[%csl Gd6]
[%cal Gd6f8]} Qd7 (21... O-O-O 22. Be5 Rhe8 23. Nb3 $44 {[%cal Gb3a5,Gb3c5,
Gf1c1,Gc1c8]}) 22. Ba3 (22. Qc5 f6 $13) 22... O-O-O 23. Nb3 {[%csl Yc5][%cal
Gb3c5,Gb3a5] Der Springer zielt nach c5 (eventuell nach a5). Da Schwarz keinen
dunkelfarbigen Läufer besitzt, kann er sich nicht leicht gegen die
dunkelfarbigen Drohungen verteidigen.} Kb8 24. Nc5 (24. Rc1 Rc8 $2 (24... Ka8
25. Nc5 $44 (25. Qxc6+ Qxc6 26. Rxc6 Rc8 $17)) 25. Nc5 $18 {[%csl Rd7] Nach 25.
..Qe7 kommt 26.Na6+ mit Damengewinn, nach 25...Qc7 auch, sonst gibt Weiß Matt
mit 26.Qb4+.}) 24... Qc8 $8 25. Rd1 {[%cal Gd1d2,Gd2b2] Der b1-Punkt wird von
dem g6B kontrolliert, so bringt Weiß den Turm über Rd2-Rb2 ins Spiel.} (25.
Qb4+ Ka8 26. Qa4 $44 {[%cal Gf1c1,Gc1c8]}) 25... Rh7 26. Rd2 f5 $1 {[%cal
Gh7b7][%mdl 256] Gute Verteidigung - Schwarz bringt seinen Turm auf der 7.
Reihe ins Spiel.} 27. Qa5 Ka8 28. Rb2 Re8 (28... Qc7 29. Qxc7 Rxc7 30. Ne6 Rdc8
31. Nxc7+ Rxc7 32. Bf8 h5 33. h4 g4 34. Kh2 $14) 29. Na4 {[%cal Ra4b6,Rb6a8,
Rb6c8]} Rb7 30. Nb6+ Rxb6 31. Rxb6 f4 $1 {Auf diese Weise findet Schwarz sein
Gegenspiel am Königsflügel.} (31... Qc7 32. Bc5 Rb8 33. Rxb8+ Qxb8 34. f4 gxf4
35. exf4 $16) 32. Bc5 Qc7 33. Ra6 (33. Qa4 fxe3 34. fxe3 Rxe3 35. Qxc6+ (35.
Rxc6 $2 Re1+ 36. Kf2 Qf4+ 37. Kxe1 Qe3+ 38. Kd1 (38. Kf1 Bd3#) 38... Qd3+ 39.
Kc1 (39. Ke1 Qc3+ 40. Ke2 Bh5+ $19) 39... Qc3+ 40. Kd1 Bh5+ $19) 35... Qxc6 36.
Rxc6 Be4 37. Rxh6 Re2 $11) 33... Qxa5 34. Rxa5 fxe3 35. fxe3 Rxe3 $11 {[%cal
Gg6e4,Ge4g2,Ge3e2,Ge2a2,Ge2h2] Schwarz verliert den a7-Bauern, aber er kann
nach Be4 den g2-Bauern angreifen und das Spiel ausgleichen.} 36. Rxa7+ Kb8 37.
Ra6 Re2 38. Rxc6 Be4 39. Rxh6 Rxg2+ 40. Kf1 Rxa2 41. h3 Kc8 1/2-1/2

[Event "Olympiad-36"]
[Site "Mallorca"]
[Date "2004.10.26"]
[Round "11"]
[White "Azmaiparashvili, Zurab"]
[Black "Aleksandrov, Aleksej"]
[Result "1-0"]
[WhiteElo "2672"]
[BlackElo "2659"]
[Annotator "Ribli,Z"]
[PlyCount "97"]
[EventDate "2004.10.15"]
[EventType "team-swiss"]
[EventRounds "14"]
[EventCountry "ESP"]
[SourceTitle "CBM 104"]
[Source "ChessBase"]
[SourceDate "2005.01.27"]
[SourceVersion "1"]
[SourceVersionDate "2005.01.27"]
[SourceQuality "1"]
[WhiteTeam "Georgia"]
[BlackTeam "Belarus"]
[WhiteTeamCountry "GEO"]
[BlackTeamCountry "BLR"]

1. d4 Nf6 2. c4 e6 3. Nf3 d5 4. Nc3 Bb4 {Großmeister Aleksandrov spielt gern
die Ragozin-Variante.} 5. cxd5 (5. Qa4+ Nc6 6. e3 O-O 7. Bd2 a6 8. a3 Bd6 9. c5
Be7 10. Bd3 e5 11. Nxe5 Nxe5 12. dxe5 Nd7 13. Qc2 Nxe5 14. Bxh7+ Kh8 15. Bf5
Bxc5 16. O-O-O c6 17. Bxc8 Rxc8 18. Kb1 {1/2-1/2 Azmaiparashvili,Z-Aleksandrov,
A/Bled ol 2002/(62)}) 5... exd5 6. Bg5 Nbd7 7. e3 c5 8. Bd3 c4 {Diese
Nebenvariante hat selbstständige Bedeutung.} (8... Qa5 9. O-O c4 10. Bf5 Bxc3
11. bxc3 Ne4 12. Qb1 Nxg5 13. Nxg5 h6 14. Bxd7+ Bxd7 15. Qxb7 $4 Ke7 {0-1
Azmaiparashvili,Z-Kurajica,B/Strumica 1995/EXT 95b (41)}) 9. Bf5 Nb6 {Schwarz
möchte die weißfarbigen Läufer tauschen und er verliert nicht Zeit mit Qd8-a5,
wie in der Hauptvariante.} 10. Qc2 (10. Bxc8 Rxc8 11. O-O O-O 12. Ne5 Be7 13.
Qf3 Qd6 14. Rac1 Rcd8 15. b3 (15. Rfe1 $5) 15... cxb3 16. axb3 Ne4 $11) (10.
Bc2 Bg4 11. h3 Bh5 12. Ba4+ Kf8 13. g4 Bg6 $11) 10... Be7 (10... Bxf5 $5 11.
Qxf5 Qd7 (11... Na4 $5) 12. Qe5+ Qe6) 11. Ne5 $146 (11. O-O Bxf5 12. Qxf5 O-O
13. Ne5 Ne8 14. Bxe7 Qxe7 15. Rfe1 Nd6 16. Qf3 Qe6 17. e4 dxe4 18. Nxe4 Nxe4
19. Rxe4 Qd5 {1/2-1/2 Mecking,H-Aleksandrov,A/Calvia ESP 2004/Calvia ol (Men) 
(40)}) 11... Bxf5 12. Qxf5 O-O 13. h4 $5 {[%cal Gh1h3,Gh3f3][%mdl 4] Weiß
spielt sehr originell - sein h1R kommt über h3 ins Spiel.} (13. O-O) 13... Ne8
{[%cal Ge8d6,Gd6f5,Gd6e4]} (13... Ne4 $5) 14. Rh3 Qd6 (14... f6 $2 15. Qe6+ Kh8
16. h5 fxe5 (16... fxg5 17. Ng6+ hxg6 18. hxg6#) 17. Bxe7 $18) (14... Nd6 15.
Qg4 (15. Bxe7 Qxe7 16. Qf3 Ne4 $15) 15... f5 $13) 15. O-O-O $14 {[%csl Rb6,Ge5,
Re8,Gf5,Gg5] Weiß hat eine aktive Stellung, während Schwarz Probleme mit der
Figurenkoordination hat - seine Springer stehen weniger glücklich.} a6 {
Schwarz verteidigt sich gegen Nb5, so droht schon 16...f6.} (15... f6 $2 16.
Nb5 Qb4 17. Qe6+ Kh8 18. h5 $18) 16. Ng4 Rd8 (16... f6 17. Bf4 Qc6 18. h5 $14)
17. Rg3 {[%csl Gg3][%cal Gg3g8]} Kh8 18. e4 $1 {Weiß sprengt die
Zentrumstellung und bekommt eine dauerhafte Initiative.} dxe4 19. Nxe4 Qd5 20.
Qe5 (20. Qxd5 $6 Nxd5 21. Bxe7 Nxe7 22. Ne3 b5 $15 (22... f5 23. Nc5 f4 24. Rf3
$16)) 20... Rd7 $2 (20... Qxe5 $142 21. dxe5 (21. Nxe5 $2 f6 $19) 21... Rxd1+
22. Kxd1 f6 (22... Bxg5 23. hxg5 $16) 23. exf6 Nxf6 (23... gxf6 24. Bh6 Rg8 25.
Ne3 $14) 24. Ngxf6 gxf6 25. Bh6 Rg8 $11) 21. Bxe7 (21. Qxd5 Nxd5 22. Ne5 Rc7
23. Bxe7 Rxe7 (23... Nxe7 24. Rf3 Nd5 25. Rf5 Kg8 26. Ng6 fxg6 27. Rxd5 $14)
24. Nc3 Nef6 25. Nxc4 Rc8 $44) 21... Qxe5 22. dxe5 Rxe7 23. Nd6 {[%csl Gd6]} h5
(23... Nxd6 24. exd6 $16) 24. Ne3 Rxe5 25. Nxb7 {[%csl Rc4] Natürlich nimmt
Weiß den b7-Bauern, denn der c4P bleibt immer schwach.} (25. Nexc4 Nxc4 26.
Nxc4 Re4 $11 (26... Rc5 27. Rc3 $14)) 25... f6 26. Rf3 {[%cal Gf3f5,Gf5e5]
Weiß verbessert seine Turmstellung und nachfolgend kann er mit Rf5 den e5-Turm
tauschen.} Rf7 27. Nd6 Nxd6 28. Rxd6 {[%csl Rc4,Gd6][%cal Rd6a6]} Rb7 29. Rf5
Rxf5 30. Nxf5 {[%csl Gd6,Gf5] Die weißen Figuren stehen aktiv und der c4P ist
eine potenzielle Schwäche.} Na4 31. Rd2 c3 $6 (31... Rb4 32. Rc2 Nc5 $14) 32.
Rd8+ Kh7 33. b3 $16 Nc5 34. Kc2 {[%csl Rc3]} Rb4 35. Rd4 (35. Kxc3 Rf4 36. Rd5
Ne4+ 37. Kd3 Nxf2+ 38. Ke3 g5 $132) (35. g3 $16) 35... Rxd4 36. Nxd4 {[%csl
Rc3][%mdl 4096] Schwarz kann den c3-Bauern nicht verteidigen, wonach er sich
in einem unhaltbaren Endspiel befindet.} g5 {Schwarz möchte am Königsflügel
einige Gegenchancen finden.} (36... Ne4 37. f3 $16) 37. hxg5 (37. g3 $2 Ne4
$132) 37... fxg5 38. f3 Kg6 39. Kxc3 h4 40. a4 (40. Kc4 Nd7 41. Kd5 $16) 40...
g4 41. fxg4 Kg5 42. Kc4 Ne4 43. Kd5 Nc3+ 44. Kc6 Kxg4 45. Kb6 Kg3 (45... Nd1
46. Kxa6 Ne3 47. Nf3 Nxg2 48. Nxh4 $18) 46. Nf5+ $18 Kg4 47. Nxh4 {Weiß gibt
den Springer gegen den h-Bauern und gewinnt die Partie mit zwei verbundenen
Bauern.} Kxh4 48. Kxa6 Kg5 49. Kb6 {[%cal Ra4a5,Ra5a6]} 1-0

[Event "Olympiad-36"]
[Site "Mallorca"]
[Date "2004.10.27"]
[Round "12"]
[White "Vaganian, Rafael A"]
[Black "Goldin, Alexander"]
[Result "1/2-1/2"]
[WhiteElo "2640"]
[BlackElo "2620"]
[Annotator "Ribli,Z"]
[PlyCount "76"]
[EventDate "2004.10.15"]
[EventType "team-swiss"]
[EventRounds "14"]
[EventCountry "ESP"]
[SourceTitle "CBM 104"]
[Source "ChessBase"]
[SourceDate "2005.01.27"]
[SourceVersion "1"]
[SourceVersionDate "2005.01.27"]
[SourceQuality "1"]
[WhiteTeam "Armenia"]
[BlackTeam "US of America"]
[WhiteTeamCountry "ARM"]
[BlackTeamCountry "USA"]

1. d4 Nf6 2. Nf3 d5 3. c4 e6 4. Nc3 Bb4 5. Bg5 h6 {Statt dieser Fortsetzung
kann Schwarz mit 5...dxc4 in die Wiener Variante übergehen.} 6. Bxf6 Qxf6 7.
Qb3 c5 8. cxd5 exd5 9. e3 (9. a3 Bxc3+ 10. Qxc3 Nd7 11. g3 $5 O-O 12. Bg2 Re8
13. O-O Rxe2 14. Rae1 Re6 15. Bh3 Re4 16. Nd2 Rxe1 17. Rxe1 Qd8 $11 {Vaganian,
R-Aleksandrov,A/Moscow 2002 (21)}) 9... O-O 10. dxc5 Bxc3+ 11. Qxc3 (11. bxc3
Be6 12. Nd4 Nd7 13. Qa3 (13. Qxb7 Nxc5 14. Qb2 Qg5 15. Qc2 Rac8 16. h4 Qe7 17.
Bd3 Bd7 18. Rc1 Rc7 19. g3 Ne4 $44 {1/2-1/2 Nikolic,P-Kacheishvili,G/Ohrid (19)
}) 13... Ne5 $1 14. Be2 Qg6 15. O-O-O Rfc8 $44 {Gagunashvili,M-Aleksandrov,A/
Batumi 2002 (22)}) 11... Qxc3+ 12. bxc3 {Weiß hat einen Bauern mehr, aber
seine Bauern auf der c-Linie sind schwach.} Be6 13. Bb5 $146 {Weiß möchte
entweder den Zug 13...a6 provozieren oder die Entwicklung des schwarze
Damenflügels stören.} (13. Nd4 Rc8 14. Rb1 Nd7 15. c4 (15. c6 $6 bxc6 16. Ba6
Rcb8 17. O-O Nc5 18. Be2 Ne4 19. Rxb8+ Rxb8 20. Nxc6 Rb2 21. Bd3 Rxa2 22. Rb1
g5 {0-1 Gaprindashvili,N-Dizdar,G/Dubai UAE 2002/(61)}) 15... Nxc5 16. Nxe6
fxe6 17. cxd5 exd5 18. Be2 Ne4 19. Bg4 Rc6 20. f3 Nc5 $11 {1/2-1/2 Tregubov,
P-Aleksandrov,A/Budva 2002/EXT 2003 (41)}) 13... Rc8 (13... a6 14. Ba4 Rc8 15.
Kd2 (15. Rb1 Ra7 16. Kd2 Rxc5 17. Rb6 Ra5 (17... Nd7 $2 18. Rxe6 $1 $18) 18.
Bb3 Nd7 19. Rd6 Kf8 20. Nd4 Ke7 21. Rc6 $11) 15... Rxc5 16. Rhb1 b5 17. Bc2 $14
{[%cal Ga2a4,Gf3d4]}) 14. Kd2 Rxc5 15. Rhb1 Rc7 $11 {[%csl Gc7][%cal Gb8c6]
[%mdl 256] Schwarz verteidigt prophylaktisch den b7-Bauern und möchte seine
Entwicklung mit 16...Nc6 beenden.} (15... Nc6 $6 16. Bxc6 bxc6 17. Nd4 Rc4 18.
Rb4 $14) 16. Nd4 {[%csl Gd4] Weiß hat auf den ersten Blick einen
mikroskopischen Vorteil, denn seine Springerstellung auf d4 ist stark und der
d5P ist isoliert, aber der c3P ist auch schwach in der weißen Stellung.} Nc6
17. Bxc6 (17. Nxe6 fxe6 18. c4 $11) (17. Nxc6 bxc6 18. Ba6 Kf8 $11) 17... bxc6
{[%cal Gc6c5,Gc5d4]} 18. Rb2 {[%cal Ga1b1,Gb1b8]} (18. c4 c5 (18... dxc4 $6 19.
Nxe6 fxe6 20. Kc3 $16) 19. Nxe6 fxe6 $11) 18... c5 {Schwarz muss den Springer
von d4 verjagen.} 19. Nxe6 fxe6 20. Rab1 (20. c4 Kf7 $11) 20... Kf7 21. Rb7
Rac8 {Weiß kontrolliert die einzige offene Linie, aber es gibt dort keine
guten Eindringungsmöglichkeiten - Schwarz verteidigt alles.} 22. c4 Ke7 (22...
dxc4 $2 23. Kc3 $16) 23. cxd5 exd5 24. h4 $5 {[%cal Gh4h5,Gg2g4,Gf2f4] Weiß
mobilisiert seine Mehrheit am Königsflügel.} Kd6 {[%csl Gd6] Schwarz hat keine
Probleme, sein König steht aktiv im Zentrum.} 25. h5 Rf8 (25... Rxb7 26. Rxb7
Rc7 $11) 26. f4 Re8 27. R1b5 Rce7 (27... Rxb7 28. Rxb7 Re7 29. Rxe7 Kxe7 30. g4
$11) 28. Rxe7 Rxe7 {[%mdl 4096]} 29. Ra5 Kc6 (29... c4 $11) 30. a4 (30. Ra6+
Kb5 31. Rg6 Kc4 32. g4 Rb7 33. Kc2 $11) 30... c4 31. g4 {[%csl Gc4,Gf4,Gg4,Gh5]
Beide Spieler mobilisieren ihre Mehrheit.} Rb7 32. Rb5 (32. Kc2 Re7 33. Kd2 $11
) 32... Rxb5 33. axb5+ Kxb5 34. g5 Kc6 35. f5 Kd6 (35... hxg5 $4 36. f6 $18)
36. f6 Ke6 37. fxg7 Kf7 38. gxh6 a5 {Eine interessantes Endestellung - beide
Spieler müssen mit dem König in der Nähe der gegnerischen Bauern bleiben. Die
Stellung ist remis.} 1/2-1/2

[Event "Carlos Torre Wimbledon 16th"]
[Site "Merida"]
[Date "2003.12.17"]
[Round "1.1"]
[White "Simutowe, Amon"]
[Black "Milov, Vadim"]
[Result "1-0"]
[WhiteElo "2424"]
[BlackElo "2574"]
[Annotator "Ribli,Z"]
[PlyCount "121"]
[EventDate "2003.12.17"]
[EventType "k.o."]
[EventRounds "4"]
[EventCountry "MEX"]
[SourceTitle "CBM 099"]
[Source "ChessBase"]
[SourceDate "2004.03.30"]
[SourceVersion "1"]
[SourceVersionDate "2004.03.30"]
[SourceQuality "1"]

1. d4 {Simutowe} Nf6 2. c4 e6 3. Nf3 d5 4. Nc3 Bb4 {Großmeister Milov spielt
gern die Ragozin-Variante des Damengambits.} 5. cxd5 exd5 6. Bg5 Nbd7 {Dieser
Zug wird oft gespielt, aber 6...h6 ist auch möglich.} 7. Qc2 {Dieser Damezug
ist sehr populär in der letzten Zeit. Jetzt schwächt 7...h6 die schwarze
Königsstellung, während im Falle von 7...c5 8.dxc5 nach 8...Qa5 der Läufer
nach d2 zurückkommen kann, weil e3 noch nicht gespielt wurde.} O-O 8. e3 {
Mit diesem Zug leitet Weiß in die Variante 7.e3 über.} (8. a3 {Das wäre die
konsequente Fortsetzung nach 7.Qc2.}) 8... c5 9. Bd3 Qa5 10. O-O c4 11. Bf5 Re8
12. Nd2 g6 13. Bh3 Bf8 {Dieser Zug wird selten gespielt, ich glaube, Schwarz
möchte die theoretischen Hauptlinien vermeiden. Die gewöhnliche Fortsetzung
ist 13...Bxc3, was die Grundidee der ganzen Variante füer Schwarz darstellt:
er tauscht den c3-Springer und möchte die weißfarbigen Felder, hier besonders
e4, kontrollieren. Die Idee des Textzugs besteht darin, mit 14...h6 den
g5-Läufer zu verjagen.} (13... Be7 14. Rae1 Nf8 15. Bxc8 Raxc8 16. f4 Qd8 17.
Qd1 Qd6 18. Qf3 N8d7 19. f5 {1-0 Pinter,J-Sharif,M/Luzern 1985/MCD (24)}) (
13... Bxc3 $5) 14. Rae1 {Dieser Zug ist etwas schablonenhaft - die Fortsetzung
14.a3 (mit der Idee 15.b4) bietet Weiß mehr Chancen auf Eröffnungsvorteil.} (
14. Rfe1 h6 15. Bxf6 Nxf6 16. Bxc8 Raxc8 17. e4 dxe4 18. Ndxe4 Nxe4 19. Rxe4
Rxe4 20. Qxe4 {1/2-1/2 Gruenfeld,E-Spielmann,R/Trencianske Teplice 1928/EXT 99
(20)}) (14. a3 $5 {[%cal Gb2b4]} h6 15. b4 cxb3 16. Nxb3 Qd8 17. Bxd7 Bxd7 18.
Bxf6 Qxf6 19. Nxd5 $16) 14... h6 (14... Bg7 {Simutowe} 15. b4 $1 {gives white
a slight advantage}) 15. Bxd7 (15. Bh4 g5 16. Bxd7 (16. Bg3 $4 g4 $19) 16...
Bxd7 17. Bg3 Be6 $13) (15. Bf4 Nh5 $13) 15... Nxd7 16. Bf4 Nf6 $11 {Schwarz
hat das Läuferpaar und obwohl seine Königsstellung ein wenig geschwächt ist,
hat er eine feste Stellung.} 17. f3 {Simutowe: 'prevents ...Bf5 and prepares
e3-e4 in future' Weiß bereitet den Zug 18.e4 vor.} (17. e4 Be6 $11) 17... Be6 (
17... Qb6 $11) 18. e4 Qb6 (18... dxe4 $2 19. fxe4 $16) 19. Be5 (19. Be3 $11)
19... Nd7 {[%cal Gb6g1,Gd7e5]} 20. Kh1 Nxe5 21. dxe5 Qc6 (21... d4 22. Nd5 Bxd5
23. exd5 Qa5 24. Ne4 Bg7 (24... Rxe5 25. Nf6+ Kg7 26. Rxe5 Kxf6 27. Rfe1 $16)
25. Qxc4 Rxe5 26. d6 $11) 22. exd5 Bxd5 23. Nxd5 Qxd5 24. Ne4 {[%csl Yf6][%cal
Re4f6,Rf6g8,Rf6d5]} (24. f4 Qd3 $11) 24... Qxe5 (24... Be7 25. f4 $14) 25. Qxc4
{Nach Vereinfachungen haben wir eine Stellung mit gleichen Chancen, wo die
Bauernstellung symmetrisch ist.} Rac8 (25... Qxb2 $2 {Simutowe} 26. Rb1 {
gives white more attacking chances and an advantage}) 26. Qa4 {Simutowe:
'Threatening Ne4-f6 and winning exchange on e8'} Re7 $5 {Mit diesem Zug
bereitet Schwarz die Turmdoppelung mit Rce8 oder Rec7 vor und droht 27...f5.} (
26... f5 $2 27. Nf6+ Qxf6 28. Rxe8 $18) 27. Re2 (27. Qxa7 {'??' Simutowe.} f5
$19 28. Ng3 {Simutowe} Qxe1 $19) 27... a6 28. Qd1 Rec7 {[%cal Gc8c1] Schwarz
hat starke Kontrolle auf der c-Linie.} 29. f4 Qf5 30. Ng3 (30. g4 $6 Qb5 $15)
30... Qd7 31. Rd2 Qc6 32. f5 $13 g5 33. f6 {Der f6P steht scheinbar aktiv,
aber im Endspiel kann er auch schwach sein.} Re8 34. Nf5 Re5 35. Rd8 Qxf6 36.
Ne3 Qc6 $2 {[%mdl 8192]} (36... Qe7 $142 $13) 37. Nd5 $1 $16 {[%csl Rc7]} Rxd5
{Schwarz hat nichts Besseres, er muss die Qualität geben.} (37... Rc8 {'?'
Simutowe. Simutowe: 'loses after'} 38. Nf6+ Kh8 (38... Kg7 39. Rxc8 (39. Qd3 {
Simutowe} Qc2) (39. Qb1 {Simutowe} Qc2 (39... Qxf6 40. Rxc8 $1 {is better than}
(40. Rxf6 Rxd8)) 40. Rxc8 $18) 39... Qxc8 40. Qd3 $18) 39. Rxc8 Qxc8 40. Qd3
$18) 38. Rxd5 Bg7 39. Rd3 (39. b3 $16) 39... Kh7 (39... Bxb2 40. Rd6 $16 {
[%cal Rd6h6,Rd6c6]}) 40. Rd6 Qc2 41. Rd7 $1 (41. Qe1 Qxb2 42. Qe4+ Kg8 $132)
41... b5 42. h3 Qxd1 43. Rfxd1 {[%mdl 4096]} Rc2 44. Rxf7 Kg6 {Schwarz muss so
spielen, weil 45.Rdd7 drohte.} 45. Ra7 {Schwarz hat einfach die Qualität
weniger, ohne Bauernvorteil.} Rc6 46. b3 h5 47. g4 h4 48. Rd8 {[%cal Rd8g8,
Rg8g6]} Be5 49. Rda8 {[%cal Ra8a6,Ra6g6]} Rc3 50. Rxa6+ $18 Kf7 51. R8a7+ Bc7
52. Kg2 Ke7 53. Rb7 b4 54. Rxb4 (54. Raa7 {Simutowe} Kd6 55. Rxc7 Rxc7 56. Rxc7
Kxc7 57. Kf3 Kd6 58. Ke4 Ke6 59. Kd4 Kd6 60. Kc4 Ke5 61. Kxb4 Kf4 62. a4 Kg3
63. a5 Kxh3 64. a6 Kxg4 65. a7 {also wins}) 54... Rg3+ 55. Kf2 Rxh3 56. Ra7 Kd6
57. Ra6+ Kd5 58. Rb5+ Ke4 59. Ra4+ Kd3 60. Rd5+ Kc2 61. Rc5+ {[%cal Rc5c7,
Rc5c2]} 1-0